000 00297nam a22001337a 4500
008 230523b |||||||| |||| 00| 0 eng d
020 _a9789390644308
100 _aBare Act
245 _aHindu Laws
260 _aHaryana
_bLN Pub.
_c2023
300 _a130
546 _aEnglish
942 _2ddc
_cBK
999 _c20024
_d20024